000 00814nam a22002657a 4500
001 BR2010004493
003 BR-BrBNA
005 20230928103547.0
007 ta
008 230509b bl.||||| |||| 00| 0 por d
040 _aBR-BrBNA
_bpor
_cBiblioteca Nacional de Agricultura
041 _a(Por)
072 _aE40; E70
090 _ E40 BR2010004493
110 1 _aFundação Getúlio Vargas, Brasília, DF (Brasil)
_95141
245 1 _aAnálise do perfil dos produtores cooperativados do Sul e Centro- Oeste
_bRelatório de Pesquisa. Convênio MA/SDR nº 040/97
260 3 _aBrasília, DF (Brasil):
_c1998.
300 _a61 p.
500 _a51 tables
650 _aMERCADO
650 _aPOLÍTICAS PÚBLICAS
650 _aCOOPERATIVA MERCANTIL
909 _a202309
_bLucia
_c55
_dLucia Elande
942 _cBK
999 _c75610
_d75610